000 00560nam a22001697a 4500
005 20230918112849.0
010 _aENG-138072
020 _a9789357052092
_c975.00
035 _aEN-121604
037 _bDBAD/PUB
082 _a000
245 _aComputer Science and Information Technology :
_bGATE/
260 _aUttar Pradesh
_bPearson India Education Services Pvt. Ltd.
_c2023
270 _a1st Floor, Berger Tower, Plot No. C-001A/2, Sector 16B
_bNoida (Uttar Pradesh)
_e201301
300 _av.p.
_c26cm(pbk)
942 _2ddc
_cEN
_h000
_mGAT
999 _c198250
_d198250